Kỹ thuật chăn nuôi gia cầm
Nội dung sách gồm bí quyết nuôi gà hiệu quả cao, kỹ thuật chăn nuôi vịt, kỹ thuật chăn nuôi ngan, nuôi ngỗng, kỹ thuật chăn nuôi bồ câu Pháp
Αποθηκεύτηκε σε:
| Μορφή: | Βιβλίο |
|---|---|
| Γλώσσα: | Undetermined |
| Έκδοση: |
Hà Nội
Nông nghiệp
2013
|
| Θέματα: | |
| Ετικέτες: |
Προσθήκη ετικέτας
Δεν υπάρχουν, Καταχωρήστε ετικέτα πρώτοι!
|
| Thư viện lưu trữ: | Trung tâm Học liệu Trường Đại học Cần Thơ |
|---|
| LEADER | 00776nam a2200205Ia 4500 | ||
|---|---|---|---|
| 001 | CTU_180742 | ||
| 008 | 210402s9999 xx 000 0 und d | ||
| 020 | |c 44000 | ||
| 082 | |a 636.5 | ||
| 082 | |b K600 | ||
| 245 | 0 | |a Kỹ thuật chăn nuôi gia cầm | |
| 245 | 0 | |c Nguyễn Hoàng Lâm biên soạn | |
| 260 | |a Hà Nội | ||
| 260 | |b Nông nghiệp | ||
| 260 | |c 2013 | ||
| 520 | |a Nội dung sách gồm bí quyết nuôi gà hiệu quả cao, kỹ thuật chăn nuôi vịt, kỹ thuật chăn nuôi ngan, nuôi ngỗng, kỹ thuật chăn nuôi bồ câu Pháp | ||
| 650 | |a Poultry,Gia cầm | ||
| 650 | |x Breeding,Chăn nuôi | ||
| 904 | |i Tuyến | ||
| 980 | |a Trung tâm Học liệu Trường Đại học Cần Thơ | ||